00406nam a22001577a 450000500170000001000150001702000230003203500140005503700130006908200110008224500340009326000390012727000440016630000190021050000190022920200127124818.0 aENG-127562 c170.00a8175050624 aEN-111094 bDBAD/PUB a230.35 aLetters of swami Vivekananda/ aUttarakhandbAdvaita Ashramac2017 aMayavati,ChampawatbUttarakhande262524 a455pc21cm(hb) aIncludes index